000 00531nam a2200205Ia 4500
005 20240413143428.0
008 131103s9999 xx 000 0 und d
020 _a8182051533
_cRs.140
040 _aLoreto College
041 _aEnglish
082 _a370.1
_bPAN
245 _aEducation Culture and Human Values
_cEdited by V.C.Pandey
260 _aNew Delhi
_bIsha books
_c2005
300 _avi,276p.
504 _aIncludes index
650 _aEducation
700 _aPandey, V.C; ed.
850 _aLCBED
942 _cBK
999 _c26409
_d76888